Bài tập Giáo dục công dân 9

Gorde:
Xehetasun bibliografikoak
Egile nagusia: Đặng, Thuý Anh
Formatua: Liburua
Hizkuntza:Undetermined
Argitaratua: Hà Nội Giáo dục 2009
Gaiak:
Etiketak: Etiketa erantsi
Etiketarik gabe, Izan zaitez lehena erregistro honi etiketa jartzen!
Thư viện lưu trữ: Trung tâm Học liệu Trường Đại học Cần Thơ
LEADER 00629nam a2200205Ia 4500
001 CTU_158167
008 210402s9999 xx 000 0 und d
020 |c 5800 
082 |a 370.1150712 
082 |b A107/L.9 
100 |a Đặng, Thuý Anh 
245 0 |a Bài tập Giáo dục công dân 9 
245 0 |c Đặng Thuý Anh ( chủ biên) 
260 |a Hà Nội 
260 |b Giáo dục 
260 |c 2009 
650 |a Morality and society 
650 |x Study and teaching (Secondary) 
904 |i Phan Thị Kim Lan (Đào Thị Bé Ba) 
980 |a Trung tâm Học liệu Trường Đại học Cần Thơ